Welcome to CU Library Online Public Access Catalogue (OPAC)

Entrepreneurship : (Record no. 5927)

MARC details
000 -LEADER
fixed length control field 00868cam a2200253 a 4500
001 - CONTROL NUMBER
control field 2600956
005 - DATE AND TIME OF LATEST TRANSACTION
control field 20250523091852.0
008 - FIXED-LENGTH DATA ELEMENTS--GENERAL INFORMATION
fixed length control field 980817s1998 txua b 001 0 eng
020 ## - INTERNATIONAL STANDARD BOOK NUMBER
International Standard Book Number 003024594X
050 00 - LIBRARY OF CONGRESS CALL NUMBER
Classification number HB615
Item number .K87 1998
082 00 - DEWEY DECIMAL CLASSIFICATION NUMBER
Classification number 658.4/21
Edition information 21
100 1# - MAIN ENTRY--PERSONAL NAME
Personal name Kuratko, Donald F.
245 10 - TITLE STATEMENT
Title Entrepreneurship :
Remainder of title a contemporary approach /
Statement of responsibility, etc. Donald F. Kuratko, Richard M. Hodgetts.
250 ## - EDITION STATEMENT
Edition statement 4th ed.
260 ## - PUBLICATION, DISTRIBUTION, ETC.
Place of publication, distribution, etc. Fort Worth :
Name of publisher, distributor, etc. Dryden Press,
Date of publication, distribution, etc. c1998.
300 ## - PHYSICAL DESCRIPTION
Extent xix, 701 p. :
Other physical details ill. ;
Dimensions 27 cm.
440 #4 - SERIES STATEMENT/ADDED ENTRY--TITLE
Title The Dryden Press series in entrepreneurship
650 #0 - SUBJECT ADDED ENTRY--TOPICAL TERM
Topical term or geographic name entry element Entrepreneurship
Geographic subdivision United States.
650 #0 - SUBJECT ADDED ENTRY--TOPICAL TERM
Topical term or geographic name entry element New business enterprises
Geographic subdivision United States.
650 #0 - SUBJECT ADDED ENTRY--TOPICAL TERM
Topical term or geographic name entry element Small business
Geographic subdivision United States.
700 1# - ADDED ENTRY--PERSONAL NAME
Personal name Hodgetts, Richard M.
856 7# - ELECTRONIC LOCATION AND ACCESS
Materials specified Table of contents
Uniform Resource Identifier <a href="http://lcweb.loc.gov/catdir/toc/97-66401.html">http://lcweb.loc.gov/catdir/toc/97-66401.html</a>
Access method http
942 ## - ADDED ENTRY ELEMENTS (KOHA)
Source of classification or shelving scheme Library of Congress Classification
Koha item type Books
Suppress in OPAC No
999 ## -
-- 5927
-- 5927
Holdings
Withdrawn status Lost status Source of classification or shelving scheme Damaged status Not for loan Collection Home library Current library Shelving location Date acquired Total checkouts Full call number Barcode Date last seen Copy number Price effective from Koha item type
    Library of Congress Classification     Non-fiction Undergraduate Library (Christ Temple) Undergraduate Library (Christ Temple) General stacks 05/23/2025   HB615 KUR ulct00002604 05/23/2025 1 05/23/2025 Books
© 2023-2024 Copyright: Central University Libraries. All Rights Reserved | Created by: Mahone Tech Office